|
|
|
|
| LEADER |
01479nam a2200373 a 4500 |
| 001 |
EBC809122 |
| 003 |
MiAaPQ |
| 005 |
20200520144314.0 |
| 006 |
m o d | |
| 007 |
cr cn||||||||| |
| 008 |
080708s2008 sz a sbf i000 0 eng d |
| 010 |
|
|
|z 2008395872
|
| 020 |
|
|
|z 9789221204398
|
| 020 |
|
|
|a 9789221204404 (electronic bk.)
|
| 035 |
|
|
|a (MiAaPQ)EBC809122
|
| 035 |
|
|
|a (Au-PeEL)EBL809122
|
| 035 |
|
|
|a (CaPaEBR)ebr10512057
|
| 035 |
|
|
|a (OCoLC)767502549
|
| 040 |
|
|
|a MiAaPQ
|c MiAaPQ
|d MiAaPQ
|
| 050 |
|
4 |
|a HD7262
|b .T35 2008
|
| 082 |
0 |
4 |
|a 363.11072/7
|2 22
|
| 100 |
1 |
|
|a Taswell, Karen.
|
| 245 |
1 |
0 |
|a Occupational injuries statistics from househould surveys and establishment surveys
|h [electronic resource] :
|b an ILO manual on methods /
|c Karen Taswell, Peter Wingfield-Digby.
|
| 260 |
|
|
|a Geneva :
|b International Labour Office,
|c 2008.
|
| 300 |
|
|
|a x, 184 p. :
|b ill.
|
| 504 |
|
|
|a Includes bibliographical references.
|
| 533 |
|
|
|a Electronic reproduction. Ann Arbor, MI : ProQuest, 2015. Available via World Wide Web. Access may be limited to ProQuest affiliated libraries.
|
| 650 |
|
0 |
|a Industrial accidents
|v Statistics.
|
| 650 |
|
0 |
|a Housing surveys
|v Handbooks, manuals, etc.
|
| 650 |
|
0 |
|a Work environment
|x Evaluation
|v Handbooks, manuals, etc.
|
| 655 |
|
4 |
|a Electronic books.
|
| 700 |
1 |
|
|a Wingfield Digby, Peter.
|
| 710 |
2 |
|
|a ProQuest (Firm)
|
| 856 |
4 |
0 |
|u https://ebookcentral.proquest.com/lib/matrademy/detail.action?docID=809122
|z Click to View
|